LEADER 01602nam a2200325 i 4500 001 000000161574 003 CaOOAMICUS 005 20080220000000.0 008 080220s1981 it u000 u ita u 013 $a138937 040 $aSeMil$bita 245 10$aTutti in piazza :$bcroci, stendardi, vessilli, bandiere : dagli archivi fotografici /$cFoto [di] Umberto Becchi ; foto [di] Angelo Iotti ; prof. Umberto Forti ; don Ettore Tirelli ; Gualtiero Lombardi. 260 $a[S.l.] :$bLibreria il Portico,$c1981. 300 $a1 v. :$bin gran parte ill. ;$c35 cm. 490 0 $aCarpi di ieri ;$v.[4.] 500 $aMostra tenuta a Carpi nel 1981. - Fondo Card. Giovanni Colombo. 650 4$aCarpi - Fotografie - Esposizioni.$0(OLS)http://semarc/subject/17641 650 4$aCarpi - Storia.$0(OLS)http://semarc/subject/3063 700 1 $aBecchi, Umberto.$0(OLS)http://semarc/name/42676 700 1 $aIotti, Angelo.$0(OLS)http://semarc/name/42677 700 1 $aLombardi, Gualtiero.$0(OLS)http://semarc/name/42679 700 1 $aTirelli, Ettore.$0(OLS)http://semarc/name/42678 700 1 $aForti, Umberto.$0(OLS)http://semarc/name/3810 830 0$aCarpi di ieri ;$v.[4.].$0(OLS)http://semarc/title/25252 850 $aSeMil 852 $aSeMil$W1$xVenegono$y1$m3P VI 345$j112961$B112961$CSeMilBibl$Z2$F133268 $81 941 1 $a3 961 $aLascito: Colombo Card. Giovanni 996 $6245$aTutti in piazza :$bcroci, stendardi, vessilli, bandiere : dagli archivi fotografici$9(OLS)http://semarc/title/144742 996 $6260$a[S.l.] :$bLibreria il Portico$9(OLS)http://semarc/publisher/44433 LEADER 01550nam a2200265 i 4500 001 000000202581 003 CaOOAMICUS 005 20110527000000.0 008 110527s1983 it u000 u ita u 013 $a181291 040 $aSeMil$bita 245 10$aVita della Beata Giuliana da Busto, prima compagna della Beata Catterina da Pallanza, Fondatrice del Monastero del Sagro Monte sopra Varese :$baccompagnata da pratiche riflessioni ad istruzione de' fedeli. 246 04$iTitolo in copertina:$aBeata Giuliana Puricelli da Busto Arsizio 260 $aBusto Arsizio :$bTipografia B.C.G.,$c1983. 300 $a55 p. ;$c24 cm. 500 $aFacsimile dell'Ed. : Milano : Appresso Giuseppe Galeazzi, Regio Stampatore, con licenza de' Superiori, 1781. - Fondo Card. Giovanni Colombo. 600 14$aPuricelli, Giuliana .$0(OLS)http://semarc/subject/36163 700 1 $aPuricelli, Giuliana.$0(OLS)http://semarc/name/72503 850 $aSeMil 852 $aSeMil$W1$xVenegono$y1$m5B XII 4/18$j153102$B153102$CSeMilBibl$Z2$F164089 $81 941 1 $a3 961 $aLascito: Colombo Card. Giovanni 996 $6245$aVita della Beata Giuliana da Busto, prima compagna della Beata Catterina da Pallanza, Fondatrice del Monastero del Sagro Monte sopra Varese :$baccompagnata da pratiche riflessioni ad istruzione de' fedeli$9(OLS)http://semarc/title/293236 996 $6246$aBeata Giuliana Puricelli da Busto Arsizio$9(OLS)http://semarc/title/293237 996 $6260$aBusto Arsizio :$bTipografia B.C.G.$9(OLS)http://semarc/publisher/51757